Frontiers in chemical reaction engineering /

Papers presented at the International Chemical Reaction Engineering Conference, Pune, Jan. 9-11, 1984.

Guardado en:
Autor Corporativo: International Chemical Reaction Engineering Conference
Otros Autores: Doraiswamy, L.K. (Editor , ed.), Mashelkar. R.A., (Editor , ed.)
Formato: Libro
Idioma:English
Publicado: New Delhi : Wiley Eastern, c1984.
Materias:
Etiquetas: Agregar Etiqueta
Sin Etiquetas, Sea el primero en etiquetar este registro!
LEADER 01047nam a22002295a 4500
001 EIQ.libpla002100
008 841012s1984####ii#######b####101#0#eng#d
005 20080613182041.0
245 0 0 |a Frontiers in chemical reaction engineering /  |c editors, L.K. Doraiswamy and R.A. Mashelkar. 
260 |a New Delhi :  |b Wiley Eastern,  |c c1984. 
300 |a 2 v. :  |b il. ;  |c 29 cm. 
504 |a Incluye referencias bibliográficas e índice. 
520 |a Papers presented at the International Chemical Reaction Engineering Conference, Pune, Jan. 9-11, 1984. 
700 1 |a Doraiswamy, L.K.  |q (Laxmangudi Krishnamurthy),  |e ed.  |4 edt 
700 1 |a Mashelkar. R.A.,  |e ed.  |4 edt 
711 2 |a International Chemical Reaction Engineering Conference  |d (1984 :  |c Pune, India) 
650 4 |a Ingeniería de reacciones  |x Congresos. 
650 4 |a Reaction Engineering  |x Congress. 
010 |a  84901484  
040 |a DLC  |c DLC  |d AR-BbSID 
859 |a AR-BbSID  |b BIB. PLAPIQUI  |h 660.283  |i F 928  |p 3089  |v Vol. 1  |3 Vol. 1 
859 |a AR-BbSID  |b BIB. PLAPIQUI  |h 660.283  |i F 928  |p 3090  |v Vol. 2  |3 Vol. 2